00647 2200217 4500001002100000005001700021008004100038020001800079035002500097082001100122090002000133100002600153245009900179250001100278260003500289300003500324504002900359650001100388850001200399990001800411YOGYA-0209000006853020150710090926.0 ind  a979-489-510-5 a0010-020900000068530 a668.63 aT 668.63bInd M aINDRIANI. Yovita Hety aMembuat kompos secara kilatc/ Yovita Hety Indriani ; ilustrator, Erry S. Bangol, Djoko Waluyo aCet. 2 aJakartabPenebar Swadayac2000 avi, 62 hlm. :bilus. ;c21 cm. aBibliografi : hlm. 61-62 aKompos aYOPDYOG a35050-PN/P.00